| 000 | 01237cam a2200289Ia 4500 | ||
|---|---|---|---|
| 001 | scarletbutterfly00chas | ||
| 003 | CaSfIA | ||
| 005 | 20210119080500.0 | ||
| 007 | cr|||| | ||
| 008 | 920919s1992 nyu 000 1 eng d | ||
| 040 |
_aJDP _cJDP _dZZC _dSLC _dBTCTA _dCaSfIA |
||
| 020 | _a0553442694 (pbk.) | ||
| 020 | _a9780553442694 (pbk.) | ||
| 035 | _a(OCoLC)26636665 | ||
| 090 |
_aPS3553.H3414 _bS22 1992x |
||
| 100 | 1 | _aChastain, Sandra. | |
| 245 | 1 | 0 |
_aScarlet butterfly / _h[electronic resource] _cSandra Chastain. |
| 260 |
_aNew York : _bBantam Books, _cc1992. |
||
| 300 |
_a181 p. ; _c18 cm. |
||
| 490 | 0 |
_aLoveswept ; _v571 |
|
| 655 | 7 |
_aLove stories. _2gsafd |
|
| 856 | 4 | 1 |
_uhttp://www.archive.org/details/scarletbutterfly00chas _zFree eBook from the Internet Archive |
| 856 | 4 | 2 |
_uhttp://www.openlibrary.org/books/OL7827037M _zAdditional information and access via Open Library |
| 942 | _cEB | ||
| 506 | _fНеобхідна авторизація на https://archive.org/ (створення облікового запису безкоштовно) | ||
| 506 | _fНеобхідна авторизація на https://openlibrary.org/ (створення облікового запису безкоштовно) | ||
| 999 |
_c546013 _d546013 |
||